00413nam a2200145Ia 4500008004100000020001500041041000800056082001800064100001800082245009700100250000700197260003800204300001100242650001400253210716s2005 xx 000 0 und d a8173281149 aeng a338.0954 AGRA aAgrawal, A N. aIndian economy: problems of development and planning.bProblems of development and planning. a31 aNew DelhibWishwa Prakashanc2005 avi,743 aEconomics